00496 2200205 4500001002100000008004100021035002000062082000800082084001400090100001900104245005200123250000600175260003500181300001200216650001400228990001200242990001200254990001200266990001200278INLIS000000000000456 ind  a0010-0424000432 a810 a810 BUD k aArtati, Y Budi aKesastraan Melayu dan IndonesiacY. Budi Artati a1 aKlaten :bIntan Pariwarac2014 a116 hlm aNon Fiksi a0722623 a0722624 a0722625 a0722626